| 000 | 00613nam a2200205 a 4500 | ||
|---|---|---|---|
| 001 | 25107 | ||
| 003 | CO-ViMGA | ||
| 008 | 141112s2004 ck r 000 u spa d | ||
| 020 | _a8441416728 | ||
| 040 |
_aCO-ViMGA _bspa _cCO-ViMGA |
||
| 090 | _aKELh | ||
| 100 | 1 |
_aKellner, Ingrid _938247 |
|
| 245 | 1 | 0 |
_aHistorias de cumpleaños / _cIngrid Kellner, ilustraciones Betty Sack, traducción Susana Gómez |
| 260 |
_aEspaña : _bEdaf, _c2005 |
||
| 300 | _a60 p. | ||
| 490 | _aLos Piratas lectores | ||
| 650 | 1 | 4 |
_aCuentos infantiles _92743 |
| 700 | 1 |
_aSack, Betty, il. ; Gomez, Susana, tr. _938248 |
|
| 942 |
_2ddc _cBK |
||
| 999 |
_c32738 _d32738 |
||